Tržní moc a duševní vlastnictví v evropském soutěžním právu
Saved in:
| Main Author: | |
|---|---|
| Format: | Book |
| Language: | Czech |
| Published: |
Praha
C.H. Beck
2005
|
| Series: | Právní instituty
|
| Subjects: | |
| Tags: |
No Tags, Be the first to tag this record!
|
MARC
| LEADER | 00000nam$a2200000$$$4500 | ||
|---|---|---|---|
| 001 | 0027274 | ||
| 005 | 20221129083020.6 | ||
| 020 | |a 80-7179-915-7 | ||
| 041 | 0 | |a cze | |
| 044 | |a CZ | ||
| 245 | 1 | 0 | |a Tržní moc a duševní vlastnictví v evropském soutěžním právu |c Pavel Utěšený |
| 264 | 1 | |a Praha |b C.H. Beck |c 2005 | |
| 300 | |a xi, 211 s. | ||
| 490 | 1 | |a Právní instituty | |
| 830 | 0 | |a Právní instituty | |
| 610 | 2 | 0 | |a vlastníctvo duševné |
| 610 | 2 | 0 | |a právo patentové |
| 610 | 2 | 0 | |a právo značkové |
| 610 | 2 | 0 | |a súťaž hospodárska |
| 610 | 2 | 0 | |a Európska únia |
| 610 | 2 | 0 | |a právo komunitárne |
| 610 | 2 | 0 | |a právo medzinárodné |
| 610 | 2 | 0 | |a trh |
| 610 | 2 | 0 | |a obchod |
| 610 | 2 | 0 | |a právo autorské |
| 610 | 2 | 0 | |a práva majetkové |
| 100 | 1 | |a Utěšený, Pavel | |